000 00293nam a22001337a 4500
003 SGT
082 _a338.5,SEN
100 _aSEN,ANINDYA
245 _aMICROECONOMICS THEORY AND APPLICATIONS
260 _aNEW DELHI
_bOXFORD
_c2003
300 _a413
650 _aMICROECONOMICS
942 _2ddc
_cBK
999 _c9676
_d9676